000 00417nam a2200181Ia 4500
001 4719
005 20260306145816.0
008 260306t2002||||xx |||||||||||||| ||spa||
041 _aESP
082 _a330.01
_bR58
100 _aRiggs, James L.
_eAUT
245 0 _aIngeniería económica
260 _c2002
300 _axx, 638 páginas :
_c26 cm.
650 _aGEN
654 _aCAN
942 _cLIB
_dJUS
_fJUS
_2ddc
_n
999 _c4719
_d4719